000 00311nam a2200121 a 4500
001 4140
005 20140414131943.0
008 090218s19uu xx 00 eng d
050 _aTR 372.7
_bW55 2006
245 _aWhat are numbers? (0 to 5). Act. bk. 3.
440 _aLearning math with Albert
999 _c112625
_d112625